Tropical & subtropical trees : a worldwide encyclopaedic guide

Bibliographic Details
Main Author: Barwick, Margaret
Format: Book
Published: London : Thames & Hudson , 2004.
Subjects:

MARC

LEADER 00000cam a2200000 7i4500
001 0000003236
005 20050324.0
020 0 0 |a 0500511810 
090 0 0 |a 582.1603   |b BAR 
100 0 0 |a Barwick, Margaret 
245 0 0 |a Tropical & subtropical trees :   |b a worldwide encyclopaedic guide   |c Margaret Barwick ; chief editor Anton van der Schans ; foreword by Larry M. Schokman 
260 0 0 |a London :   |b Thames & Hudson ,   |c 2004. 
300 |a xxi, 484 p. :   |b col. ill. ;   |c 30 cm. 
650 0 0 |a Trees Tropics   |x Encyclopedias. 
650 0 0 |a Trees   |x Encyclopedias 
650 0 0 |a Trees   |x Identification 
650 0 0 |a Trees   |x Pictorial works. 
999 |a 0000006160   |b Monograph   |c Open Shelf   |e Default branch